Geometría intuitiva... / (Record no. 41428)
[ view plain ]
| 000 -LEADER | |
|---|---|
| campo de control de longitud fija | 00536nam a2200169 i 4500 |
| 001 - NÚMERO DE CONTROL | |
| campo de control | 41428 |
| 003 - IDENTIFICADOR DE NÚMERO DE CONTROL | |
| campo de control | ES-MaACL |
| 005 - FECHA Y HORA DE LA ÚLTIMA TRANSACCIÓN | |
| campo de control | 20230906160428.0 |
| 007 - CAMPO FIJO DE DESCRIPCIÓN FÍSICA--INFORMACIÓN GENERAL | |
| campo de control de longitud fija | t| |
| 008 - DATOS DE LONGITUD FIJA--INFORMACIÓN GENERAL | |
| campo de control de longitud fija | 030310s1963 sp ||||1| spa d |
| 100 1# - ENTRADA PRINCIPAL--NOMBRE DE PERSONA | |
| Nombre de persona | Castelnuovo, Emma. |
| 9 (RLIN) | 36610 |
| 245 10 - MENCIÓN DEL TÍTULO | |
| Título | Geometría intuitiva... / |
| Mención de responsabilidad, etc. | Emma Castelnuovo ; traducción por Rafael Romero Mercadal. |
| 260 ## - PUBLICACIÓN, DISTRIBUCIÓN, ETC. | |
| Lugar de publicación, distribución, etc. | Barcelona, etc. : |
| Nombre del editor, distribuidor, etc. | Labor, |
| Fecha de publicación, distribución, etc. | 1963. |
| 300 ## - DESCRIPCIÓN FÍSICA | |
| Extensión | XII, 296 p., 20 lám. : |
| Otras características físicas | il. ; |
| Dimensiones | 22 cm. |
| 700 1# - ENTRADA AGREGADA--NOMBRE PERSONAL | |
| Nombre de persona | Romero Mercadal, Rafael. |
| 9 (RLIN) | 99415 |
| 852 ## - LOCALIZACIÓN | |
| Ubicación | ES-MaACL |
| Número de control de estantería | C-23646 |
| Sublocalización o colección | R.52273 |
| Estatus retirado | Estado de pérdida | Estado de daño | No para préstamo | Biblioteca de origen | Biblioteca actual | Ubicación en estantería | Fecha de adquisición | Fuente de adquisición | Total de préstamos | Signatura topográfica completa | Código de barras | Visto por última vez | Precio de reemplazo | Tipo de ítem Koha |
|---|---|---|---|---|---|---|---|---|---|---|---|---|---|---|
| Biblioteca del Ateneo de Madrid | Biblioteca del Ateneo de Madrid | Depósito 2 | 17/01/2008 | C-23646 | 1043613 | 23/02/2023 | 23/02/2023 | Libro impreso |
